This One Goes to 12 Quiz Stats

 Plays Quiz Updated Sep 1, 2017

Also try: Twelvesomes
Challenge
Share
Tweet
Embed
Score 0/78 Timer 12:00
3 Plays Today
% Correct
English
97.1%
Earth
95.5%
Mars
95.3%
Spanish
94.7%
Venus
93.7%
Saturn
93.7%
Mandarin Chinese
93.6%
Jupiter
92.5%
Uranus
92.5%
Mercury
91.3%
Michael
90.6%
Neptune
88.9%
Pitcher
87.3%
Mario
86.9%
Luigi
85%
First Baseman
84.1%
Second Baseman
83.9%
Third Baseman
83.7%
Catcher
82.2%
Best Picture
79%
John
78.6%
Leo
78.2%
Luke
78.1%
Short stop
77.1%
Cancer
77%
Mark
76.1%
Left Fielder
76.1%
Right Fielder
76%
Matthew
74.2%
Sorcerer's Stone
74%
German
73.3%
Taurus
72.3%
Center Fielder
71.8%
Gemini
69.8%
Prisoner of Azkaban
68.2%
Capricorn
67.8%
Goblet of Fire
67.8%
Deathly Hallows
66.4%
Chamber of Secrets
65.1%
% Correct
Japanese
64.6%
Pisces
64%
Aries
63.8%
Half-Blood Prince
63.2%
Order of the Phoenix
62.6%
United States of America
62.5%
Libra
61.8%
Aquarius
61%
Tito
60.6%
Best Director
60.6%
Sagittarius
60.5%
Russian
60.2%
Virgo
60.2%
Arabic
57.8%
Mexico
55.4%
Scorpio
54.9%
Jermaine
53.6%
Portuguese
50%
Spain
49.4%
Hindi
47.6%
Texas
46.5%
France
44.1%
Best Costume
39.6%
Nepal
38.9%
Best Original Dramatic Score
36.6%
Daytime Emmy Awards
34.7%
Best Cinematography
32.5%
Primetime Emmy Awards
31.1%
Confederate States of America
30.3%
Best Original Song
30.1%
Best Film Editing
18.3%
Best Visual Effects
18.1%
Marlon
16.7%
Best Sound Editing
15.9%
Jackie
15.5%
Bengali
9.6%
Best Art Direction
9.2%
Best Sound Mixing
7.2%
Sports Emmy Awards
5.3%

You're not logged in!

Compare scores with friends on all Sporcle quizzes.
Join for Free
OR
Log In

You Might Also Like...

Show Comments

Extras

Top Quizzes Today


Score Distribution

Your Account Isn't Verified!

In order to create a playlist on Sporcle, you need to verify the email address you used during registration. Go to your Sporcle Settings to finish the process.

Report this User

Report this user for behavior that violates our Community Guidelines.

Details: